Primetime Emmy Award for Outstanding Supporting Actress in a Limited Series or Movie - Statistics

General Stats
  • This quiz has been taken 10 times
  • The average score is 9 of 43
Answer Stats
Year Actress % Correct
2012 Jessica Lange
83%
2014 Kathy Bates
67%
2004 Mary-Louise Parker
67%
2011 Maggie Smith
50%
1999 Anne Bancroft
33%
1994 Cicely Tyson
33%
2013 Ellen Burstyn
33%
2007 Judy Davis
33%
1995 Judy Davis
33%
2010 Julia Ormond
33%
1987 Piper Laurie
33%
2016 Regina King
33%
2015 Regina King
33%
2009 Shohreh Aghdashloo
33%
2001 Tammy Blanchard
33%
2000 Vanessa Redgrave
33%
1989 Colleen Dewhurst
17%
1986 Colleen Dewhurst
17%
1979 Esther Rolle
17%
1990 Eva Marie Saint
17%
2003 Gena Rowlands
17%
2005 Jane Alexander
17%
1981 Jane Alexander
17%
1988 Jane Seymour
17%
1983 Jean Simmons
17%
1998 Mare Winningham
17%
1980 Mare Winningham
17%
1993 Mary Tyler Moore
17%
1991 Ruby Dee
17%
2002 Stockard Channing
17%
1992 Amanda Plummer
0%
1977 Diana Hyland
0%
1997 Diana Rigg
0%
2008 Eileen Atkins
0%
1978 Eva Le Gallienne
0%
1996 Greta Scacchi
0%
1975 Juliet Mills
0%
2006 Kelly Macdonald
0%
1985 Kim Stanley
0%
1982 Penny Fuller
0%
1976 Rosemary Murphy
0%
1984 Roxana Zal
0%
1995 Shirley Knight
0%
No matching quizzes found
Score Distribution
Percent of People with Each Score
Percentile by Number Answered
Your Score History
You have not taken this quiz